| 000 | 00867nam0a22002411 4500 | ||
|---|---|---|---|
| 001 | rc\4442764 | ||
| 005 | 20260407150047.0 | ||
| 035 | _a(NLR Aleph) 008316205 | ||
| 090 |
_a8728537 _c8728537 |
||
| 100 | _a20130416g1961 |||y0rusy50 ca | ||
| 101 | 0 | _arus | |
| 102 | _aRU | ||
| 105 | _ay z ||||| | ||
| 200 | 1 |
_aЛисток технической информации _fГос. науч.-техн. ком. Совета Министров Укр. ССР. Ин-т техн. информации _iЛегкая промышленность |
|
| 210 |
_aКиев _cБ. и. _d1961- |
||
| 215 | _d21 | ||
| 300 | _aОтд. брошюры | ||
| 710 | 0 | 2 |
_aИнститут технической информации _cКиев _3RU\NLR\AUTH\8810023921 _9545889 |
| 801 | 0 |
_aRU _bNLR _gpsbo |
|
| 801 | 1 |
_aRU _bELAR _2rusmarc |
|
| 852 |
_aNLR _j60-6/9901 |
||
| 942 | _cBOOK | ||
| 980 | _aNB | ||